Statistics for US State Capitals - One Minute Sprint

Click here to take the quiz!

General Stats

  • This quiz has been taken 63,649 times
  • The average score is 16 of 50

Answer Stats

Capital City% Correct
Sacramento
74%
Albany
65%
Austin
62%
Tallahassee
53%
Atlanta
48%
Olympia
47%
Boston
47%
Phoenix
46%
Salem
44%
Denver
41%
Juneau
38%
Boise
37%
Augusta
36%
Honolulu
36%
Columbus
35%
Carson City
35%
Springfield
34%
Jackson
34%
Helena
34%
Baton Rouge
32%
Lansing
30%
Pierre
30%
Salt Lake City
30%
Santa Fe
30%
Bismarck
29%
Raleigh
28%
Oklahoma City
28%
Columbia
28%
Annapolis
27%
Dover
27%
Montgomery
27%
Saint Paul
27%
Indianapolis
26%
Des Moines
26%
Lincoln
25%
Little Rock
25%
Madison
25%
Topeka
25%
Richmond
25%
Trenton
24%
Nashville
24%
Hartford
24%
Harrisburg
24%
Jefferson City
23%
Frankfort
22%
Concord
22%
Cheyenne
22%
Montpelier
21%
Charleston
20%
Providence
17%

Score Distribution

Percentile by Number Answered

Percent of People with Each Score

Your Score History

You have not taken this quiz